000 00502nam a2200181Ia 4500
005 20250508162647.0
008 008 250505s9999 xx 000 0 hin d
037 _aTextual
040 _aFEDL
_beng
_cFEDL
041 _ahin
_2hin
084 _a650, MAM
_qFEDL
100 _aMomoriya Chaturbhuj
_9773728
245 0 _aSavivarg prabandh ave aodhogy sambandh
260 _aAgra, India
_bSahitya Bhavan
_c1984
300 _a844p.
942 _cTEXL
_h650, MAM
999 _c1377903
_d1377903